LEADER 00865nam a2200241 i 4500 001 991001539929707536 005 20020503122726.0 008 000601s1977 it ||| | ita 035 $ab10235383-39ule_inst 035 $aLE01279730$9ExL 040 $aDip.to Lingue$bita 100 1 $aLabov, William$0157037 245 13$aIl continuo e il discreto nel linguaggio /$cWilliam Labov 260 $aBologna :$bIl Mulino,$cc1977 300 $a202 p. ;$c22 cm. 500 $aIncludes bibliographical references 650 4$aLinguaggio$xSaggi 907 $a.b10235383$b21-09-06$c27-06-02 912 $a991001539929707536 945 $aLE012 410.8 LAB$g1$i2012000019690$lle012$o-$pE0.00$q-$rl$s- $t0$u1$v0$w1$x0$y.i10285313$z27-06-02 996 $aContinuo e il discreto nel linguaggio$9133332 997 $aUNISALENTO 998 $ale012$b01-01-00$cm$da $e-$fita$git $h3$i1 LEADER 01307oam 2200409 450 001 9910717295003321 005 20220228110748.0 035 $a(CKB)5470000002529272 035 $a(OCoLC)1300217802 035 $a(EXLCZ)995470000002529272 100 $a20220228d2021 ua 0 101 0 $aspa 135 $aur||||||||||| 181 $ctxt$2rdacontent 182 $cc$2rdamedia 183 $acr$2rdacarrier 200 10$aEscuche y actu?e, podri?a ayudar a salvarle la vida 210 1$a[Atlanta, Ga.] :$cEscu?chela, Department of Health & Human Services, CDC,$d[2021?] 215 $a1 online resource (1 unnumbered page) 606 $aMaternal health services 606 $aPregnancy$xComplications 606 $aMothers$xMortality 606 $aPregnant women$xHealth risk assessment 606 $aPregnant women$xEducation 615 0$aMaternal health services. 615 0$aPregnancy$xComplications. 615 0$aMothers$xMortality. 615 0$aPregnant women$xHealth risk assessment. 615 0$aPregnant women$xEducation. 712 02$aHear Her (Campaign : U.S.), 801 0$bGPO 801 1$bGPO 801 2$bGPO 906 $aBOOK 912 $a9910717295003321 996 $aEscuche y actu?e, podri?a ayudar a salvarle la vida$93480192 997 $aUNINA LEADER 01316nam 2200397 450 001 9910798738203321 005 20230808195713.0 035 $a(CKB)3710000000885613 035 $a(MiAaPQ)EBC4709189 035 $a(EXLCZ)993710000000885613 100 $a20161018h20162016 uy 0 101 0 $aeng 135 $aurcnu|||||||| 181 $2rdacontent 182 $2rdamedia 183 $2rdacarrier 200 00$a21st century funding and development strategies for libraries /$fguest editor, Susan Sharpless Smith 210 1$aBradford, England :$cEmerald Group Publishing Limited,$d2016. 210 4$dİ2016 215 $a1 online resource (69 pages) $cillustrations, tables, charts 225 1 $aBottom Line,$x0888-045X ;$vVolume 29, Number 2 320 $aIncludes bibliographical references. 410 0$aBottom line ;$vVolume 29, Number 2. 606 $aPublic services (Libraries) 606 $aLibraries$xActivity programs 615 0$aPublic services (Libraries) 615 0$aLibraries$xActivity programs. 676 $a025.5 702 $aSmith$b Susan Sharpless 801 0$bMiAaPQ 801 1$bMiAaPQ 801 2$bMiAaPQ 906 $aBOOK 912 $a9910798738203321 996 $a21st century funding and development strategies for libraries$93721698 997 $aUNINA LEADER 05677nam 2200841 a 450 001 9910812101203321 005 20240313133732.0 010 $a9781118525715 010 $a111852571X 010 $a9781299157811 010 $a1299157815 010 $a9781118525685 010 $a111852568X 010 $a9781118525555 010 $a1118525558 035 $a(CKB)2670000000327395 035 $a(EBL)1116235 035 $a(OCoLC)827208625 035 $a(SSID)ssj0000822355 035 $a(PQKBManifestationID)11447065 035 $a(PQKBTitleCode)TC0000822355 035 $a(PQKBWorkID)10756267 035 $a(PQKB)11489143 035 $a(MiAaPQ)EBC1116235 035 $a(Au-PeEL)EBL1116235 035 $a(CaPaEBR)ebr10657527 035 $a(CaONFJC)MIL447031 035 $a(PPN)183843703 035 $a(OCoLC)815374605 035 $a(FINmELB)ELB178175 035 $a(Perlego)999935 035 $a(EXLCZ)992670000000327395 100 $a20121120d2013 uy 0 101 0 $aeng 135 $aurcn||||||||| 181 $ctxt 182 $cc 183 $acr 200 00$aPlant centromere biology /$feditors, Jiming Jiang, James A. Birchler 205 $a1st ed. 210 $aAmes, Iowa $cWiley-Blackwell$d2013 215 $a1 online resource (223 p.) 300 $aDescription based upon print version of record. 311 08$a9781119949213 311 08$a1119949211 320 $aIncludes bibliographical references and index. 327 $aCover; Title page; Copyright page; Contents; Contributors; Preface; 1: Arabidopsis Centromeres; Centromere DNA structure; Cytosine methylation and heterochromatin; Centromere proteins; Functional domains; Future prospects and conclusions; Acknowledgments; References; 2: Rice Centromeres; Discovery of the centromeric retrotransposon (CR) in cereal species; CRR elements in rice centromeres; Rice centromeres contain a centromere-specific satellite repeat CentO; Genome-wide mapping of CENH3-associated DNA sequences in rice centromeres; Genes in rice centromeres 327 $aEpigenetic modification of centromeric DNA and centromeric chromatin in rice Future research; Acknowledgments; References; 3: Maize Centromeres; Molecular characterization of maize centromeres: the beginnings; CENH3; The maize genome sequence; CRM evolution; CentC evolution; Other tandem repeats near maize centromeres; Enrichment of CentC and CRM in functional centromeres; Mapping centromere BACs; Delineation of the functional centromeres; Arrangement of centromere repeats; Centromere inactivation and reactivation; B centromeres; Sequence turnover at centromeres 327 $aEpigenetics of maize centromeres Remaining questions; Acknowledgments; References; 4: A Molecular Cytogenetic Analysis of the Structure, Evolution, and Epigenetic Modifications of Major DNA Sequences in Centromeres of Beta Species; The genus Beta; Genomes and chromosomes; Diversity and evolution of satellite DNA as a major component of Beta centromeres; Centromeric retrotransposons in the genus Beta; The centromeres of Beta procumbens and alien fragment addition lines; Epigenetic characterization of the sugar beet centromere; References 327 $a5: Centromere Synteny among Brachypodium, Wheat, and Rice Centromeres of wheat; Centromeres of Brachypodium distachyon; Centromere synteny between wheat and rice; Centromere synteny among Brachypodium, wheat, and rice; Possible mechanism of centromere inactivation; Acknowledgments; References; 6: CENH3 for Establishing and Maintaining Centromeres; CENH3: detection and evolution; Identification and localization studies of CENH3 in different plant species; CENH3 duplication in alloploid and some diploid species; Loading of CENH3 to plant centromeres during mitotic cell cycle 327 $aDistribution of CENH3 in pollen nuclei and its resetting in the zygote Epigenetic regulation of kinetochore assembly; Functional requirement of N- and C-terminal parts of CENH3; Recognition of A. thaliana centromeres by heterologous CENH3; Deregulation of CENH3 activity in plants; Interaction of CENH3 with centromeric DNA; Regulation of CENH3 expression by the E2F transcription factor family; CENH3 levels at centromeres decline with the age of tissue; CENH3, from basic research to agricultural application; Acknowledgments; References; 7: Holokinetic Centromeres 327 $aOccurrence and evolution of holocentric chromosomes 330 $aPlant Centromere Biology is dedicated to plant centromere research. Chapters cover the structure of centromeres from several plant species including Arabidopsis thaliana, rice, maize, wheat and beet, while other sections cover several unique characteristics associated with plant centromeres, including classical and modern neocentromeres, centromere drive and centromere misdivision. Additional chapters are dedicated to epigenetic modification and evolution of plant centromeres, and development and application of plant artificial chromosomes. Written by an international group 606 $aPlant molecular genetics 606 $aPlant genomes 606 $aPlant physiology 606 $aCentromere 606 $aBotany 615 0$aPlant molecular genetics. 615 0$aPlant genomes. 615 0$aPlant physiology. 615 0$aCentromere. 615 0$aBotany. 676 $a572.8/2 701 $aJiang$b Jiming$0614598 701 $aBirchler$b James A$g(James Arthur),$f1950-$01597761 801 0$bMiAaPQ 801 1$bMiAaPQ 801 2$bMiAaPQ 906 $aBOOK 912 $a9910812101203321 996 $aPlant centromere biology$93919653 997 $aUNINA